| 000 | 00598nam a22001937a 4500 | ||
|---|---|---|---|
| 003 | OSt | ||
| 005 | 20250717082610.0 | ||
| 008 | 250717b |||||||| |||| 00| 0 eng d | ||
| 020 | _a 9789712368189 | ||
| 040 |
_aDWCL-Main lib _cOC |
||
| 082 | _aFil. 658 M491b 2015 | ||
| 100 | _aMedina, Roberto G. | ||
| 245 |
_a Business organization and management/ _cRoberto G. Medina |
||
| 260 |
_aManila : _bRex Book Store, _cc2015. |
||
| 300 |
_ax, 194 pages : _b illustrations ; _c26 cm. |
||
| 504 | _aIncludes bibliographical references | ||
| 650 | _a1. Management. | ||
| 942 |
_2ddc _cBK - FIL _kFil. _n0 |
||
| 999 |
_c3747 _d3747 |
||